| 000 | 01478nam a2200229Ia 4500 | ||
|---|---|---|---|
| 003 | Ost | ||
| 005 | 20260507075537.0 | ||
| 008 | 260507s9999||||xx |||||||||||||| ||und|| | ||
| 020 | _a97735014909 | ||
| 040 | _cfsecg | ||
| 041 | _aara | ||
| 082 | _a658.15 | ||
| 100 |
_aعلي، حنفي _eمؤلف |
||
| 245 | 0 |
_aالمدخل إلى الإدارة المالية الحديثة : _bالتحليل المالي و اقتصاديات الاستثمار و التمويل / _c حنفي علي |
|
| 260 |
_aالقاهرة: _bدار الكتاب الحديث, _c2008 |
||
| 300 |
_a598 صفحة؛ _bإيضاحات ؛ _c24 سم |
||
| 520 | _aيضم التحليل المالي واتخاذات القرارات، التحليل المالي، التخطيط المالي والرقابة، الإستثمارات الرأسمالية، الإتفاق الرأسمالي، أساليب تقييم الإقتراحات الإستثمارية في ظروف الثبات والتأكد، تكلفة الأموال واتخاذ قرارات الإستثمار، التمويل الخارجي والداخلي ومنهج قياس تكلفته، التكلفة المرجحة للأموال كمنهج للتقييم والمفاضلة لمشروعات الإستثمار، الإستثمارات الإحلالية، التمويل القصير الأجل | ||
| 653 | _aالإدارة المالية | ||
| 653 | _aالإستثمار | ||
| 653 | _aالتمويل | ||
| 942 | _cكتاب | ||
| 999 |
_c44844 _d44844 |
||